កូននាគវារី / (Record no. 1170)

MARC details
000 -LEADER
fixed length control field 01402nam a22002777a 4500
005 - DATE AND TIME OF LATEST TRANSACTION
control field 20230807110904.0
020 ## - INTERNATIONAL STANDARD BOOK NUMBER
International Standard Book Number 9789924341147
040 ## - CATALOGING SOURCE
Original cataloging agency FISKH
Language of cataloging eng
Transcribing agency FISKH
Modifying agency FISKH
082 ## - DEWEY DECIMAL CLASSIFICATION NUMBER
Classification number 398.2454
100 ## - MAIN ENTRY--PERSONAL NAME
Personal name Sopheap, Siet
245 ## - TITLE STATEMENT
Title កូននាគវារី /
260 ## - PUBLICATION, DISTRIBUTION, ETC.
Place of publication, distribution, etc. Phnom Penh :
Name of publisher, distributor, etc. Sipar,
Date of publication, distribution, etc. 2021.
300 ## - PHYSICAL DESCRIPTION
Extent 24 pages :
Other physical details color illustrations ;
Dimensions 22 cm
490 ## - SERIES STATEMENT
Series statement ខ្ញុំចេះអាន
505 ## - FORMATTED CONTENTS NOTE
Formatted contents note G <br/>
520 ## - SUMMARY, ETC.
Summary, etc. វារីចេញទៅស្ទូចត្រីនៅទន្លេ ស្រាប់តែពេលនោះមានខ្យល់បក់យ៉ាងខ្លាំងហើយបានកួចវារីទៅដល់កោះមួយ ជាកន្លែងដែលវារីបានបង្កើតមិត្ត ជាមួយមិត្តថ្មីរបស់គេ។
520 ## - SUMMARY, ETC.
Summary, etc. Vary went fishing in the river. Suddenly, a strong wind blew and whirled Vary to an island where Vary made friends with his new friend.
521 ## - TARGET AUDIENCE NOTE
Target audience note 380 <br/>
Source Lexile estimate
521 ## - TARGET AUDIENCE NOTE
Target audience note G <br/>
Source Raz-Plus <br/>
650 ## - SUBJECT ADDED ENTRY--TOPICAL TERM
Topical term or geographic name entry element ស្ទូចត្រី
Form subdivision បង្កើតមិត្ត
General subdivision កោះ
Chronological subdivision ស្ពាន
650 ## - SUBJECT ADDED ENTRY--TOPICAL TERM
Topical term or geographic name entry element Fishing
Form subdivision Make friends
General subdivision Island
Chronological subdivision Bridge
700 ## - ADDED ENTRY--PERSONAL NAME
Personal name Sopheap, Siet
Titles and other words associated with a name illustrator
942 ## - ADDED ENTRY ELEMENTS (KOHA)
Source of classification or shelving scheme Dewey Decimal Classification
Koha item type Books
Suppress in OPAC No
999 ## -
-- 1170
-- 1170
Holdings
Withdrawn status Lost status Source of classification or shelving scheme Damaged status Not for loan Collection Home library Current library Shelving location Date acquired Total Checkouts Full call number Barcode Date last seen Date last checked out Copy number Price effective from Koha item type
    Dewey Decimal Classification     Khmer Language Books / សៀវភៅភាសាខ្មែរ Footprints International School Library Network Toul Kork Campus Footprints International School Library Network Toul Kork Campus TK Campus, Room B402, Khmer Book Case 16, Shelves 112-123 / ទូរសៀវភៅខ្មែរលេខ ១៦​ ធ្នើរ ១១២ ដល់ ១២៣ បន្ទប់ B402 សាខាទួលគោក 08/07/2023 1 SOP 398.2454 2023-0195 06/09/2025 02/14/2025 1 08/07/2023 Books
    Dewey Decimal Classification     Khmer Language Books / សៀវភៅភាសាខ្មែរ Footprints International School Library Network Toul Kork Campus Footprints International School Library Network Toul Kork Campus TK Campus, Room B402, Khmer Book Case 16, Shelves 112-123 / ទូរសៀវភៅខ្មែរលេខ ១៦​ ធ្នើរ ១១២ ដល់ ១២៣ បន្ទប់ B402 សាខាទួលគោក 08/07/2023 1 SOP 398.2454 2023-0196 03/04/2025 08/23/2024 2 08/07/2023 Books